Normal view
MARC view
- Teatro inglés
Entry Materia
001 - NÚMERO DE CONTROL DEL REGISTRO
- campo de control: 51000
003 - IDENTIFICADOR DE NUMERO DE CONTROL
- campo de control: UPN
005 - FECHA Y HORA DE LA ÚLTIMA TRANSACCIÓN
- campo de control: 20240212124658.0
008 - DATOS DE LONGITUD FIJA
- campo de control de longitud fija: 240212|| aca||babn | a|a d
040 ## - FUENTE DE LA CATALOGACIÓN
- Centro catalogador de origen: MX-MxUPN
- Lengua de catalogación: spa
150 ## - ENCABEZAMIENTO - TEMÁTICO
- Término de materia o nombre geográfico como elemento inicial: Teatro inglés
- Subdivisión de materia general: Historia y crítica
670 ## - FUENTE EN LA QUE SE LOCALIZARON DATOS
- Cita de la fuente: LEMB, 1998:
- Información localizada: página 990 (Teatro [alemán, francés Inglés, etc.]).
670 ## - FUENTE EN LA QUE SE LOCALIZARON DATOS
- Cita de la fuente: Library of Congress, 12 de febrero de 2024:
- Información localizada: (English drama History and criticism)
- Identificador Uniforme del Recurso: https://lccn.loc.gov/sh2008103097
902 ## - CATALOGADOR
- Catalogador: MaríaRobles/120224
